000 00203 a2200097 4500
001 57493
100 _a
245 _aTaubat ul nasooh
260 _aLahore
_bAlfaisal Pub Co
_c1995
090 _c35223
_d35223
942 _aNUST-CAE
_c
_c28029
999 _c292566
_d292566